| 000 | 01457nam a22003257i 4500 | ||
|---|---|---|---|
| 003 | EG-ScBUE | ||
| 005 | 20240523125536.0 | ||
| 008 | 220731s2020 ua f b 000 0 ara d | ||
| 017 | _a2020 / 20028 | ||
| 020 | _a9789779129839 | ||
| 040 |
_aEG-ScBUE _bara _erda _cEG-ScBUE _dEG-ScBUE |
||
| 043 | _af-ua--- | ||
| 082 | 0 | 4 |
_222 _a342 _bص د ي |
| 100 | 1 |
_aصديق، أبو بكر، _eمؤلف. |
|
| 245 | 1 | 0 |
_aهيئة قضايا الدولة : _bتاريخ تليد .. وحاضر مجيد / _cالمستشار الدكتور أبو بكر الصديق، رئيس هيئة قضايا الدولة ؛ تحرير المستشار محمد عبد العال الخطيب، نائب رئيس هيئة قضايا الدولة. |
| 250 | _aالطبعة الأولى. | ||
| 264 | 1 |
_aالقاهرة : _bالهيئة المصرية العامة للكتاب، _c2020. |
|
| 300 |
_a224 صفحة ؛ _c24 سم. |
||
| 336 |
_2rdacontent _aنص _btxt |
||
| 337 |
_2rdamedia _aبدون وسيط _bn |
||
| 338 |
_2rdacarrier _aمجلد _bnc |
||
| 490 | 0 | _aموسوعة الثقافة الإسلامية | |
| 504 | _aيشتمل على إرجاعات ببليوجرافية. | ||
| 541 |
_cDonation ; _aProf. Hassan Abdel Hamid. |
||
| 650 | 7 |
_aالسلطة القضائية _zمصر. _2BUEsh |
|
| 651 | 7 |
_2BUEsh _aمصر _xقوانين وتشريعات. |
|
| 655 | _vReading book | ||
| 700 | 1 |
_aخطيب، محمد عبد العال، _eمحرر. |
|
| 942 | _2ddc | ||
| 999 |
_c30763 _d30734 |
||